Signal Theory Methods in Multispectral Remote Sensing / (Record no. 616182)

000 -LEADER
fixed length control field 00520nam a22001817a 4500
003 - CONTROL NUMBER IDENTIFIER
control field NUST
005 - DATE AND TIME OF LATEST TRANSACTION
control field 20260212102310.0
008 - FIXED-LENGTH DATA ELEMENTS--GENERAL INFORMATION
fixed length control field 260212b ||||| |||| 00| 0 eng d
020 ## - INTERNATIONAL STANDARD BOOK NUMBER
International Standard Book Number 978-0471420286
082 ## - DEWEY DECIMAL CLASSIFICATION NUMBER
Classification number 621.3678
Author Mark LAN
100 ## - MAIN ENTRY--PERSONAL NAME
Personal name David A. Landgrebe
9 (RLIN) 133161
245 ## - TITLE STATEMENT
Title Signal Theory Methods in Multispectral Remote Sensing /
Statement of responsibility, etc. David A. Landgrebe
250 ## - EDITION STATEMENT
Edition statement 1st Edition
260 ## - PUBLICATION, DISTRIBUTION, ETC.
Place of publication, distribution, etc. New Jersey:
Name of publisher, distributor, etc. Wiley-Interscience,
Date of publication, distribution, etc. 2003.
300 ## - PHYSICAL DESCRIPTION
Extent 536 p ;
Dimensions 28.5 cm
563 ## - BINDING INFORMATION
Binding note Hardcover
942 ## - ADDED ENTRY ELEMENTS (KOHA)
Source of classification or shelving scheme
Koha item type Book
Holdings
Withdrawn status Lost status Source of classification or shelving scheme Damaged status Not for loan Permanent Location Current Location Date acquired Total Checkouts Full call number Barcode Date last seen Price effective from Koha item type
          Institute of Geographical Information Systems (IGIS) Institute of Geographical Information Systems (IGIS) 02/12/2026   621.3678 LAN IGIS-230 02/12/2026 02/12/2026 Book
          Institute of Geographical Information Systems (IGIS) Institute of Geographical Information Systems (IGIS) 02/12/2026   621.3678 LAN IGIS-232 02/12/2026 02/12/2026 Book
          Institute of Geographical Information Systems (IGIS) Institute of Geographical Information Systems (IGIS) 02/12/2026   621.3678 LAN IGIS-233 02/12/2026 02/12/2026 Book
          Institute of Geographical Information Systems (IGIS) Institute of Geographical Information Systems (IGIS) 02/12/2026   621.3678 LAN IGIS-234 02/12/2026 02/12/2026 Book
          Institute of Geographical Information Systems (IGIS) Institute of Geographical Information Systems (IGIS) 02/12/2026   621.3678 LAN IGIS-235 02/12/2026 02/12/2026 Book
© 2023 Central Library, National University of Sciences and Technology. All Rights Reserved.